000
00333nam a2200121Ia 4500
008
190415s9999 xx 000 0 und d
082
_a
RI.0003
100
_a
University of Sagar. Departmen
245
0
_a
India's urban tension : A note on methodology and preliminary observations.
260
_c
1973
300
_a
211p.
942
_c
BK
999
_c
15541
_d
15541